[One Piece] Équipage de Doflamingo en images - Statistiques

Statistiques générales
  • Ce quiz a été pris 159 fois
  • Le résultat moyen est 15 sur 21
Statistiques - réponses
Par images Réponse % Correct
Don Quichotte Doflamingo
99%
Don Quichotte Rossinante
96%
Bellamy
95%
Riku Viola
95%
Sugar
94%
Monet
91%
Pica
91%
Vergo
91%
Diamante
90%
Baby 5
86%
Señor Pink
86%
Trébol
84%
Lao G
74%
Buffalo
72%
Dellinger
67%
Gladius
59%
Jora
52%
Machvise
47%
Kyuin
10%
Lackey
8%
Sanshita
7%
Aucun quiz correspondant
Distribution des résultats
% des personnes avec chaque résultat
Percentile par nombre de réponses
Votre historique - résultats
Vous n’avez pas pris ce quiz